00427nam a2200085Ia 4500008004100000245016300041260000900204300010100213650002700314180130s9999 xx 000 0 und d cWitt, Michael A.; Redding, GordonaAsian business systems: implications and perspectives for comparative business systems and varieties of capitalism research c2014 aBook title: The Oxford handbook of Asian business systems--Acession number C19643; pages 667-697 aBUSINESS SYSTEMS--ASIA